00921nam a22002777a 4500001001000000003000500010005001700015008004100032010001000073011001000083035001000093040000900103082002100112100003400133245013100167260008300298300002200381650002900403650002500432650004600457650002500503650001700528650003300545700003600578700002900614000019025CHAP20220329134256.0971013s1994 r 00010 d a17985 a18957 a23042 cCHAP a323.35409724bT800aTurrent Fernández, Antonio.10aDesarrollo de un prototipo de explotación agropecuaria familiar para el Distrito de Desarrollo Rural de Cholula Plan Puebla. aMontecillo, Méx. :bColegio de Postgraduados. Centro de Edafología,c1994. a228 p. :b: ilus.14aAgricultura cooperativa.14aAgriculturaxPuebla.14aDesarrollo de la comunidad ruralzPuebla.14aGanaderíaxPuebla.14aPlan Puebla.14aPueblaxCondiciones rurales.0 aCortés Flores, José Isabel.0 aMendoza Robles, Ricardo.